Chiến tranh và hòa bình; T1

Uloženo v:
Podrobná bibliografie
Hlavní autor: Chiến tranh và hòa bình; T1
Médium: Kniha
Jazyk:Undetermined
Vydáno: Hà Nội Văn Học 1979
Témata:
Tagy: Přidat tag
Žádné tagy, Buďte první, kdo otaguje tento záznam!
Thư viện lưu trữ: Trung tâm Học liệu Trường Đại học Cần Thơ
LEADER 00562nam a2200169Ia 4500
001 CTU_15867
008 210402s9999 xx 000 0 und d
082 |a 891.733 
082 |b T654/T1/1979 
100 |a Chiến tranh và hòa bình; T1 
245 0 |a Chiến tranh và hòa bình; T1 
245 0 |c Chiến tranh và hòa bình; T1, Liev Tolstoy; Dịch giả: Hoàng Thiếu Sơn 
260 |a Hà Nội 
260 |b Văn Học 
260 |c 1979 
650 |a russian fiction 
980 |a Trung tâm Học liệu Trường Đại học Cần Thơ